000 00308nam a2200121Ia 4500
008 190216s9999||||xx |||||||||||||| ||und||
100 _aMotihar M
245 0 _aInsurance-Principles Practice Management & Salesman Ship
260 _bSharada Pusthak Bhavan
300 _a464
650 _aCommerce
942 _cBK
999 _c6900
_d6900